Complete casting handbook : metal casting processes, metallurgy, techniques and design (Record no. 83000)

MARC details
000 -LEADER
fixed length control field 00751 a2200241 4500
003 - CONTROL NUMBER IDENTIFIER
control field CBULib
005 - DATE AND TIME OF LATEST TRANSACTION
control field 20231109071248.0
008 - FIXED-LENGTH DATA ELEMENTS--GENERAL INFORMATION
fixed length control field 231109b |||||||| |||| 00| 0 eng d
020 ## - INTERNATIONAL STANDARD BOOK NUMBER
International Standard Book Number 9780444635099
040 ## - CATALOGING SOURCE
Language of cataloging English
Transcribing agency CBULib
Description conventions rda
050 ## - LIBRARY OF CONGRESS CALL NUMBER
Classification number TS 230 Cam
100 ## - MAIN ENTRY--PERSONAL NAME
Personal name Campbell, John
245 ## - TITLE STATEMENT
Title Complete casting handbook : metal casting processes, metallurgy, techniques and design
Statement of responsibility, etc / by John Campbell
260 ## - PUBLICATION, DISTRIBUTION, ETC. (IMPRINT)
Name of publisher, distributor, etc Butterworth-Heinmann,
Date of publication, distribution, etc 2015
Place of publication, distribution, etc Oxford :
300 ## - PHYSICAL DESCRIPTION
Extent xxv, 1028 pages : illustrations
336 ## - CONTENT TYPE
Source rdacontent
Content type term Text |
Content type code txt
337 ## - MEDIA TYPE
Source rdamedia
Media type term Unmediated |
Media type code n
338 ## - CARRIER TYPE
Source rdacarrier
Carrier type term Volume
Carrier type code nc
650 #0 - SUBJECT ADDED ENTRY--TOPICAL TERM
9 (RLIN) 976
Topical term or geographic name as entry element FOUNDING
650 #0 - SUBJECT ADDED ENTRY--TOPICAL TERM
9 (RLIN) 980
Topical term or geographic name as entry element METALLURGY
650 #0 - SUBJECT ADDED ENTRY--TOPICAL TERM
9 (RLIN) 978
Topical term or geographic name as entry element METAL CASTINGS
942 ## - ADDED ENTRY ELEMENTS (KOHA)
Source of classification or shelving scheme
Koha item type MONOGRAPH
Holdings
Withdrawn status Lost status Source of classification or shelving scheme Damaged status Not for loan Collection code Permanent Location Current Location Shelving location Date acquired Source of acquisition Cost, normal purchase price Total Checkouts Full call number Barcode Date last seen Copy number Price effective from Koha item type
          Main Library Open Access Collection CBU-MAIN LIBRARY, KITWE. CBU-MAIN LIBRARY, KITWE. General Stacks 11/09/2023 DON-BOOKAID 112.50   TS 230 Cam 752495 11/09/2023 1 11/09/2023 MONOGRAPH